00892nam a2200205 i 450000100060000000300090000600500170001500700030003200800410003504000200007610000270009624501590012324601030028226000700038530000270045565000400048285200220052299900170054495201250056153209ES-MaACL20230906162727.0t|950915s1856 fr |||| | fre d aCAM bspa cCAM1 aDu Molin, J. B.94571410aFlore poétique ancienne ou Etudes sur les plantes, les plus difficiles áa recognaître des poetes anciens, grecs et latins... / cpar J. B. Du Molin.30aEtudes sur les plantes, les plus difficiles áa recognaître des poetes anciens, grecs et latins aParis : bJ. B: Baillière, c1856 (fimprimerie de L. Martinet) a[8], 320 p. ; c22 cm. 4aPlantas-xEn la literatura.9159144 aES-MaACLjG-11914 c53209d53209 001040708LIBXIXaATENEOMbATENEOMcSPP3d2008-01-17eSCl0oG-11914p1055906r2023-02-23 00:00:00w2023-02-23yMONANT